Wirtschaftsdeutsch im Unternehmen neu

Salvato in:
Dettagli Bibliografici
Autore principale: Ondrčková, Eva
Ente Autore: Ekonomická univerzita v Bratislave
Altri autori: Lišková, Danuša
Natura: Libro
Lingua:tedesco
Pubblicazione: Bratislava Sprint vfra 2007
Serie:Nová ekonómia
Soggetti:
Tags: Aggiungi Tag
Nessun Tag, puoi essere il primo ad aggiungerne!!

MARC

LEADER 00000nam$a2200000$$$4500
001 0053222
005 20240502071620.6
020 |a 978-80-89085-78-1 
041 0 |a ger 
044 |a SK 
245 1 0 |a Wirtschaftsdeutsch im Unternehmen  |b neu  |c Eva Ondrčková, Danuša Lišková 
264 1 |a Bratislava  |b Sprint vfra  |c 2007 
300 |a 294 s. 
490 1 |a Nová ekonómia 
830 0 |a Nová ekonómia 
610 2 0 |a terminológia 
610 2 0 |a jazyky cudzie 
610 2 0 |a jazykoveda 
610 2 0 |a podnikanie 
610 2 0 |a obchod 
100 1 |a Ondrčková, Eva 
700 1 |a Lišková, Danuša 
710 2 |a Ekonomická univerzita v Bratislave